| 000 | 00481cam a2200193ua 4500 | ||
|---|---|---|---|
| 020 | _c20.00 | ||
| 041 |
_aeng _h |
||
| 082 |
_a150.1 _bHAN/GE |
||
| 100 | _aHans Rajbhatia , . | ||
| 245 |
_aGeneral psychology / _cHans Rajbhatia. _hTextual Documents |
||
| 250 |
_a1 / _b. |
||
| 260 |
_aNew Delhi : _bOxford & IBH Publishing company , _c1984. |
||
| 300 | _a323 ; . | ||
| 365 | _a20.00 | ||
| 500 | _a**Reference | ||
| 504 | _a | ||
| 942 | _cBK | ||
| 999 |
_c8112 _d8112 |
||